| 000 | 00354nam a2200145Ia 4500 | ||
|---|---|---|---|
| 008 | 220803s9999 xx 000 0 und d | ||
| 020 | _a9783035609790 | ||
| 041 | _aeng | ||
| 082 | _a722 SHU | ||
| 100 |
_aShuyan S Ed. _925609 |
||
| 245 | _aChinese Architecture Today | ||
| 260 |
_aBasel _bBirkhauser Publisher _c2016 |
||
| 300 | _a240p | ||
| 500 | _aARCHI | ||
| 999 |
_c16382 _d16382 |
||